000 00528nam a2200217Ia 4500
003 OSt
005 20220928140153.0
006 a|||||r|||| 00| 0
007 ta
008 220927b |||||||| |||| 00| 0 eng d
024 _a7186
037 _cTextual
040 _aSDCL
_cSDCL
_beng
041 _2eng
_aeng
082 _aX:741, L7
100 _aHagger A J
_9494369
245 0 _aInflation
_b Theory and policy
260 _c1977
942 _hX:741, L7
_cTEXL
_2CC
999 _c810279
_d810279